Climate suitability for sugarcane in the Triângulo Mineiro region, Brazil, under future scenarios (Registro n. 329202)
[ somente texto ]
| 000 -LÍDER | |
|---|---|
| fixed length control field | 04118nab a2200325 i 4500 |
| 003 - CÓDIGO MARC DA AGÊNCIA CATALOGADORA | |
| Campo de controle | BR-BrBNA |
| 005 - DATA E HORA DA ÚLTIMA ATUALIZAÇÃO | |
| Campo de controle | 20241212121758.0 |
| 008 - CAMPO DE TAMANHO FIXO | |
| fixed length control field | 241212b2024 bl.ar|pooa||| 00| 0 eng | |
| 040 ## - FONTE DA CATALOGAÇÃO | |
| Agência catalogadora | BR-BrBNA |
| Idioma da catalogação | eng |
| 072 ## - CATEGORIA AGRIS | |
| Código AGRIS | P40 |
| Código do objeto | 0230 |
| 072 ## - CATEGORIA AGRIS | |
| Código AGRIS | F40 |
| 100 ## - ENTRADA PRINCIPAL - NOME PESSOAL | |
| Nome pessoal | Fischer Filho, João Alberto |
| 100 ## - ENTRADA PRINCIPAL - NOME PESSOAL | |
| Nome pessoal | Vieira, Júlia Cristina Amâncio |
| 100 ## - ENTRADA PRINCIPAL - NOME PESSOAL | |
| Nome pessoal | Rosa, Giovani Bonício |
| 100 ## - ENTRADA PRINCIPAL - NOME PESSOAL | |
| Nome pessoal | Fuzzo, Daniela Fernanda da Silva |
| 245 ## - TÍTULO PRINCIPAL | |
| Título principal | Climate suitability for sugarcane in the Triângulo Mineiro region, Brazil, under future scenarios |
| 500 ## - NOTA GERAL | |
| Nota geral | Publicação online; 43 ref.; 5 illus.; Summaries (En, Pt) |
| 942 ## - ADDED ENTRY ELEMENTS (KOHA) | |
| Koha item type | Analítica |
| 520 ## - NOTA DE RESUMO | |
| Nota de conteúdo | <br/><br/><br/>ABSTRACT - The sugarcane production is vital for the economy of the Triângulo Mineiro region, in Brazil. However, its is likely to be affected by climate change, due to the increase of gases in the atmosphere. This study aimed to classify the climate suitability of sugarcane for the region, considering the current and future climate change scenarios. Historical series of rainfall and air temperature from 1981 to 2021 were employed, and each location was classified as suitable, restricted or unsuitable, according to the average temperature and annual water deficit. The RCP 2.6, RCP 4.5, RCP 6.0 and RCP 8.5 scenarios were considered to analyze the projections for the end of the 21st century (2081-2100). The region presents an average temperature of 23.2 ºC (±1.36 ºC) and annual water deficit of 189 mm (±77.54 mm). Currently, 85 % of the area is considered as suitable. The Ituiutaba microregion, located in the west, shows a pronounced water deficit, which restricts the sugarcane cultivation. The results from the projections indicate a reduction in the suitability for sugarcane production in the tested scenarios, with the effects on the water regime being more pronounced than those on temperature. For example, the area classified as suitable would decrease to 44.35 and 9.87 %, respectively, in the RCP 6.0 and RCP 8.5 scenarios.<br/><br/><br/><br/><br/>KEYWORDS: Saccharum spp., water deficit, climate zoning. |
| 520 ## - NOTA DE RESUMO | |
| Nota de conteúdo | <br/><br/><br/>RESUMO - Aptidão climática da cana-de-açúcar na região do Triângulo Mineiro, Brasil, em cenários futuros - A produção de cana-de-açúcar é importante para a economia do Triângulo Mineiro. No entanto, é provável que seja afetada por mudanças climáticas, devido ao aumento de gases na atmosfera. Objetivou-se classificar a aptidão climática da canade-açúcar para a região, considerando-se os cenários de mudanças climáticas atual e futuros. Foram utilizadas séries históricas de precipitação e temperatura do ar entre 1981 e 2021, e cada localidade foi classificada como apta, restrita ou inapta, de acordo com a temperatura média e o déficit hídrico anual. Foram utilizados os cenários RCP 2.6, RCP 4.5, RCP 6.0 e RCP 8.5 para analisar as projeções do final do século XXI (2081-2100). A região apresenta temperatura média de 23,2 ºC (±1,36 ºC) e 189 mm (±77,54 mm) de déficit hídrico. Atualmente, 85 % da área é considerada apta. A microrregião de Ituiutaba, localizada a oeste, possui déficit hídrico acentuado, apresentando restrição ao cultivo da cultura. Os resultados derivados das projeções indicam redução na aptidão do cultivo da cana-de-açúcar nos cenários testados, sendo os efeitos no regime hídrico mais pronunciados do que na temperatura. A área ocupada pela classe apta, por exemplo, decresceria para 44,35 e 9,87 %, respectivamente, nos cenários RCP 6.0 e RCP 8.5.<br/><br/><br/>PALAVRAS-CHAVE: Saccharum spp., déficit hídrico, zoneamento climático |
| 650 ## - ASSUNTO - THESAGRO | |
| Cabeçalho tópico ou nome geográfico | CANA-DE-AÇÚCAR |
| 650 ## - ASSUNTO - THESAGRO | |
| Cabeçalho tópico ou nome geográfico | DEFICIÊNCIA HÍDRICA |
| 650 ## - ASSUNTO - THESAGRO | |
| Cabeçalho tópico ou nome geográfico | CONDIÇÃO AMBIENTAL |
| 650 ## - ASSUNTO - THESAGRO | |
| Cabeçalho tópico ou nome geográfico | FENOLOGIA |
| 650 ## - ASSUNTO - THESAGRO | |
| Cabeçalho tópico ou nome geográfico | ZONEAMENTO CLIMÁTICO |
| 650 ## - ASSUNTO - THESAGRO | |
| Cabeçalho tópico ou nome geográfico | TRIÂNGULO MINEIRO |
| 773 0# - ENTRADA ANALÍTICA | |
| Host Biblionumber | 3248 |
| Registro do item | 317349 |
| Imprenta | Goiânia-GO UFG. Escola de Agronomia 1999 |
| Outro identificador | 2024-4001 |
| Título | Pesquisa Agropecuária Tropical (Brazil) |
| ISSN | 1517-6398 |
| Colação | v. 54 p. 1-9; (2024) |
| Número de controle de registro | BR2024003983 |
| 856 ## - ACESSO E ENDEREÇO ELETRÔNICO | |
| Identificador uniforme de recurso - URI | https://www.scielo.br/j/pat/a/MVcDpyL4GbSSP3VmS7jYdzR/?format=pdf&lang=en |
Nenhum exemplar disponível.

BINAGRI